|
|
|
|
| LEADER |
01038nam a2200265 a 4500 |
| 001 |
c000192484 |
| 003 |
CARM |
| 005 |
20021125001500.0 |
| 008 |
830728s1972 mx 00000 spa d |
| 019 |
1 |
|
|a 2513073
|5 LACONCORD2021
|
| 035 |
|
|
|a (OCoLC)220045479
|5 LACONCORD2021
|
| 040 |
|
|
|a NUN
|c NUN
|
| 043 |
|
|
|a cl-----
|
| 245 |
0 |
0 |
|a Transformación y desarrollo :
|b la gran tarea de América Latina /
|c por Dragoslav Avramovic ... [et al.]
|
| 250 |
|
|
|a 1a ed.
|
| 260 |
|
|
|a México :
|b Fondo de Cultura Económica,
|c 1972.
|
| 300 |
|
|
|a xxiv, 609 p. ;
|c 21 cm.
|
| 440 |
|
0 |
|a Sección de obras de economía (Fondo de Cultura Económica (Mexico))
|
| 651 |
|
0 |
|a Latin America
|x Economic policy.
|
| 651 |
|
0 |
|a Latin America
|x Social policy.
|
| 700 |
1 |
|
|a Avramovic, Dragoslav.
|
| 852 |
8 |
|
|b CARM
|h A2:AN31A0
|i B06405
|p 0297072
|f BK
|
| 082 |
0 |
4 |
|a 361/.61/09/8
|2 19
|
| 999 |
f |
f |
|i b5b9c728-c443-5589-82c8-9742c9e809e7
|s 0319e4bc-247d-5b46-9569-b0f87d1bc1cf
|
| 952 |
f |
f |
|p Can circulate
|a CAVAL
|b CAVAL
|c CAVAL
|d CARM 1 Store
|e B06405
|f A2:AN31A0
|h Other scheme
|i book
|m 0297072
|